000 00296nam a22001337a 4500
008 170918b xxu||||| |||| 00| 0 eng d
020 _a9781609012786
041 _aeng
080 _23RD
_a7
100 _a44
101 _aART
245 _aTHE MEANINGS OF DRESS
_cSIPLLMAN,K.A
942 _2udc
_cBK
999 _c28015
_d28015